Modelos periodísticos y el uso de actores y fuentes en la cobertura de asuntos sociales en la postdictadura chilena : 1990-2010 (Record no. 189922)
[ view plain ]
| 000 -CABECERA | |
|---|---|
| campo de control de longitud fija | 01450nab a2200313 a 4500 |
| 005 - FECHA Y HORA DE LA ÚLTIMA TRANSACCIÓN | |
| campo de control | 20210219163158.0 |
| 008 - ELEMENTOS DE LONGITUD FIJA--INFORMACIÓN GENERAL | |
| campo de control de longitud fija | 991125s1985 mx 000 0 spa u |
| 035 ## - NÚMERO DE CONTROL DEL SISTEMA | |
| Número de control de sistema | UPN01000217822 |
| 049 ## - COLECCIÓN | |
| Colección | ART |
| 100 1# - ASIENTO PRINCIPAL--NOMBRE PERSONAL | |
| Nombre de persona | Mellado, Claudia |
| 100 1# - ASIENTO PRINCIPAL--NOMBRE PERSONAL | |
| Filiación | claudia.mellado@pucv.cl |
| 100 1# - ASIENTO PRINCIPAL--NOMBRE PERSONAL | |
| Nombre de persona | Cabello, Patricio |
| 100 1# - ASIENTO PRINCIPAL--NOMBRE PERSONAL | |
| Filiación | patricio.cabello@pucv.cl |
| 100 1# - ASIENTO PRINCIPAL--NOMBRE PERSONAL | |
| Nombre de persona | Torres, Rodrigo |
| 100 1# - ASIENTO PRINCIPAL--NOMBRE PERSONAL | |
| Filiación | rodrigo.torres@bnf.fr |
| 222 #0 - TÍTULO CLAVE | |
| Título clave | COMUNICACION Y SOCIEDAD |
| 245 00 - MENCIÓN DE TÍTULO | |
| Título | Modelos periodísticos y el uso de actores y fuentes en la cobertura de asuntos sociales en la postdictadura chilena : 1990-2010 |
| 260 ## - PUBLICACIÓN, DISTRIBUCIÓN, ETC. | |
| Lugar de publicación, distribución, etc. | Zapopan, Jalisco |
| 300 ## - DESCRIPCIÓN FÍSICA | |
| Extensión | 59-86 |
| 362 0# - FECHAS DE PUBLICACIÓN Y/O DESIGNACIÓN SECUENCIAL | |
| Fecha de publicación y/o designación secuencial | 2017 Número 28, enero-abril |
| 520 3# - NOTA DE RESUMEN, ETC. | |
| Sumario, etc. | A través de un análisis de contenido crosslongitudinal (N = 2.431) de la cobertura de asuntos sociales en la prensa chilena (1990-2010), este artículo caracteriza el uso de fuentes y actores, y la presencia de los modelos periodísticos de infoentretenimiento (infotainment) y “cívico”. Los resultados muestran diferencias significativas en el uso de fuentes y actores, así como una evolución importante del periodismo cívico y de infoentretenimiento a lo largo del tiempo |
| 653 0# - TERMINO DE INDIZACION - NO CONTROLADO | |
| Término no controlado | PERIODISMO |
| 653 0# - TERMINO DE INDIZACION - NO CONTROLADO | |
| Término no controlado | SOCIEDAD CIVIL |
| 653 0# - TERMINO DE INDIZACION - NO CONTROLADO | |
| Término no controlado | INFOENTRETENIMIENTO |
| 653 0# - TERMINO DE INDIZACION - NO CONTROLADO | |
| Término no controlado | CIUDADANIA NO ORGANIZADA |
| 653 0# - TERMINO DE INDIZACION - NO CONTROLADO | |
| Término no controlado | TEMAS SOCIALES |
| 856 4# - LOCALIZACIÓN Y ACCESO ELECTRÓNICOS | |
| Identificador Uniforme del Recurso | <a href="http://www.redalyc.org/articulo.oa?id=34649149004">http://www.redalyc.org/articulo.oa?id=34649149004</a> |
| 905 ## - TIPO DE MATERIAL | |
| Tipo de material | Articulo |
No items available.
